Frühchristliche Apologeten und Märtyrerakten aus dem Griechischen und Lateinischen übersetzt : Die Apologie des Philosophen Aristides von Athen. Die beiden Apologien Justins des Märtyrers. Der Brief an Diognet. Tatians des Assyrers Rede an die Bekenner des Griechentums. Des Athenagoras von Athen Bittschrift für die Christen. 1. Band

Hlavní autor: Schermann, Theodor, 1878-1922
Další autoři: Bardenhewer, Otto, 1851-1935, Weyman, Carl, 1862-1931, Aristides, 530 př. Kr.-468 př. Kr., Tatian, 120-173, Athénagoras, činný 2. století, Julius, Kaspar, Rauschen, Gerhard, 1854-1917, Kukula, C., Eberhard, Anselm, O.S.B.
Jazyk: Němčina
Vydáno: Kempten ; & Muenchen : Verlag der Jos. Köselschen Buchhandlung, 1913
Edice: Bibliothek der Kirchenväter
Fyzický popis: VIII, 54, 101, [1], 17, [1], 83, [1], 107 s. ; 8°
Knihy
Uloženo v:
LEADER 02351nam a2200469 a 4500
001 mzk03001090957
003 CZ BrMZK
005 20110718104909.0
007 ta
008 110718s1913 gw fr|||||00| ||gerod
040 |a BOA001  |b cze 
041 1 |a ger  |h gre  |h lat 
072 7 |a 095/096  |x Vzácná díla  |2 Konspekt  |9 12 
100 1 |a Schermann, Theodor,  |d 1878-1922  |7 xx0012587  |4 pbl 
245 1 0 |a Frühchristliche Apologeten und Märtyrerakten aus dem Griechischen und Lateinischen übersetzt :  |b Die Apologie des Philosophen Aristides von Athen. Die beiden Apologien Justins des Märtyrers. Der Brief an Diognet. Tatians des Assyrers Rede an die Bekenner des Griechentums. Des Athenagoras von Athen Bittschrift für die Christen.  |n 1. Band 
260 |a Kempten ;  |a & Muenchen :  |b Verlag der Jos. Köselschen Buchhandlung,  |c 1913 
300 |a VIII, 54, 101, [1], 17, [1], 83, [1], 107 s. ;  |c 8° 
490 0 |a Bibliothek der Kirchenväter ;  |v Bd. 12 
500 |a Svazek má i průběžné stránkování 
500 |a Výzdoba: Signet (klečící vlevo hledící rytíř v přilbě s chocholy, devíza Tu Adesto), titulní listy v rámcích, vinětky 
561 |a Provenience: [razítko] Bibl. Collegii Pragensis S.I. IHS 
563 |a Původní textilní vazba zdobená černo červeně (florální pásy tvořící 3/4 rámec zasahující na hřbet), zlatý hřbetní nápis v červeném poli (štítku), potrhaná 
700 1 |a Bardenhewer, Otto,  |d 1851-1935  |7 xx0089203  |4 pbl 
700 1 |a Weyman, Carl,  |d 1862-1931  |7 mzk2009502280  |4 pbl 
700 0 |a Aristides,  |d 530 př. Kr.-468 př. Kr.  |7 mzk2007411502  |4 aut 
700 0 |a Tatian,  |d 120-173  |7 kup19980000100528  |4 aut 
700 0 |a Athénagoras,  |d činný 2. století  |7 kup19980000003059  |4 aut 
700 1 |a Julius, Kaspar  |4 trl 
700 1 |a Rauschen, Gerhard,  |d 1854-1917  |7 jx20110321015  |4 trl 
700 1 |a Kukula, C.  |4 trl 
700 1 |a Eberhard, Anselm,  |c O.S.B.  |4 trl 
830 0 |a Bibliothek der Kirchenväter 
910 |a BOA001  |b SR-0000.643 
978 |b Kösel, Joseph  |a Kempten  |c 1913 
978 |b Kösel, Joseph  |a München  |c 1913 
984 |a Kempten  |b Německo 
984 |a Mnichov  |b Německo 
985 |a 1901-1950 
990 |a BK 
993 |a Y 
991 |k mzk 
996 6 |b 2610483603  |c SR-0000.643  |l stud. ST  |r Sklad / do násl. otevíracího dne  |n 0  |w 001191575  |u 000010  |a 1  |e BOA001  |s P